000 00514nam a2200193Ia 4500
999 _c14823
_d14823
003 OSt
005 20201027101334.0
008 190216s9999||||xx |||||||||||||| ||und||
020 _a9788130914527
040 _coclc
082 _a823.912
_bTHI/N
100 _aThieme, John
_95554
245 0 _aR K Narayan /
_cJohn Thieme
250 _a2nd Ed:
260 _bViva Book,
_c2011.
_anew delhi:
300 _a249p
650 _aEnglish
942 _cBK
_2ddc
_h823.912
_iTHI/N
_k823.912
_mTHI/N